[Event "Blondes - Brunettes"]
[Site "Moscow"]
[Date "2020.03.15"]
[Round "5.2"]
[White "Goryachkina, Aleksandra"]
[Black "Bivol, Alina"]
[Result "1/2-1/2"]
[BlackElo "2219"]
[WhiteElo "2441"]
[LiveChessVersion "1.4.8"]

1. Nf3 {[%clk 0:03:01]} Nf6 {[%clk 0:03:03]} 2. g3 {[%clk 0:03:01]} g6
{[%clk 0:03:04]} 3. Bg2 {[%clk 0:03:02]} Bg7 {[%clk 0:03:05]} 4. O-O
{[%clk 0:03:01]} O-O {[%clk 0:03:06]} 5. d4 {[%clk 0:03:01]} d6 {[%clk 0:03:07]}
6. c4 {[%clk 0:02:58]} Nbd7 {[%clk 0:03:07]} 7. Nc3 {[%clk 0:02:58]} e5
{[%clk 0:03:08]} 8. e4 {[%clk 0:02:55]} exd4 {[%clk 0:03:08]} 9. Nxd4
{[%clk 0:02:55]} Re8 {[%clk 0:03:08]} 10. h3 {[%clk 0:02:46]} Nc5
{[%clk 0:03:09]} 11. Re1 {[%clk 0:02:45]} Bd7 {[%clk 0:03:10]} 12. b3
{[%clk 0:02:27]} a5 {[%clk 0:03:08]} 13. Bb2 {[%clk 0:02:27]} h5 {[%clk 0:02:57]}
14. Qc2 {[%clk 0:02:11]} c6 {[%clk 0:02:13]} 15. Rad1 {[%clk 0:02:09]} Qc8
{[%clk 0:02:02]} 16. Kh2 {[%clk 0:02:07]} Rb8 {[%clk 0:01:13]} 17. a3
{[%clk 0:01:58]} Qc7 {[%clk 0:00:56]} 18. Nf3 {[%clk 0:01:33]} Rbd8
{[%clk 0:00:46]} 19. b4 {[%clk 0:01:23]} axb4 {[%clk 0:00:46]} 20. axb4
{[%clk 0:01:24]} Na6 {[%clk 0:00:47]} 21. Na2 {[%clk 0:01:07]} c5
{[%clk 0:00:37]} 22. b5 {[%clk 0:01:01]} Nb4 {[%clk 0:00:38]} 23. Nxb4
{[%clk 0:00:48]} cxb4 {[%clk 0:00:38]} 24. Bd4 {[%clk 0:00:44]} d5
{[%clk 0:00:07]} 25. exd5 {[%clk 0:00:39]} Rxe1 {[%clk 0:00:05]} 26. Rxe1
{[%clk 0:00:41]} Nxd5 {[%clk 0:00:04]} 27. Bxg7 {[%clk 0:00:35]} Kxg7
{[%clk 0:00:06]} 28. Qb2+ {[%clk 0:00:35]} Nf6 {[%clk 0:00:07]} 29. Qxb4
{[%clk 0:00:27]} Be6 {[%clk 0:00:08]} 30. c5 {[%clk 0:00:24]} Nd7
{[%clk 0:00:07]} 31. Rc1 {[%clk 0:00:23]} Nf6 {[%clk 0:00:07]} 32. Qc3
{[%clk 0:00:19]} Rd5 {[%clk 0:00:05]} 33. Nd2 {[%clk 0:00:17]} Rf5
{[%clk 0:00:05]} 34. Ne4 {[%clk 0:00:16]} Qd8 {[%clk 0:00:05]} 35. Nxf6
{[%clk 0:00:14]} Rxf6 {[%clk 0:00:06]} 36. c6 {[%clk 0:00:13]} bxc6
{[%clk 0:00:07]} 37. bxc6 {[%clk 0:00:15]} Bc8 {[%clk 0:00:06]} 38. c7
{[%clk 0:00:16]} Qd6 {[%clk 0:00:07]} 39. Rc2 {[%clk 0:00:16]} Kg8
{[%clk 0:00:08]} 40. Rd2 {[%clk 0:00:18]} Qa6 {[%clk 0:00:08]} 41. Rd8+ Kg7 42.
Rxc8 {[%clk 0:00:15]} Qxc8 {[%clk 0:00:10]} 43. Bb7 {[%clk 0:00:12]} Qxb7
{[%clk 0:00:11]} 44. c8=Q {[%clk 0:00:12]} Qb6 {[%clk 0:00:08]} 45. Q8c5
{[%clk 0:00:10]} Qa6 {[%clk 0:00:08]} 46. Q5d4 {[%clk 0:00:10]} g5
{[%clk 0:00:08]} 47. Qe5 {[%clk 0:00:11]} Kg6 {[%clk 0:00:08]} 48. Qc2+
{[%clk 0:00:12]} Kh6 {[%clk 0:00:09]} 49. Qd2 {[%clk 0:00:11]} Rg6
{[%clk 0:00:00]} 1/2-1/2

[Event "Blondes - Brunettes"]
[Site "Moscow"]
[Date "2020.03.15"]
[Round "5.3"]
[White "Bodnaruk, Anastasia"]
[Black "Badelka, Olga"]
[Result "0-1"]
[BlackElo "2153"]
[WhiteElo "2415"]
[LiveChessVersion "1.4.8"]

1. e4 {[%clk 0:03:02]} c5 {[%clk 0:03:02]} 2. Nc3 {[%clk 0:03:02]} Nc6
{[%clk 0:03:01]} 3. Bb5 {[%clk 0:03:03]} Nd4 {[%clk 0:03:02]} 4. Bc4
{[%clk 0:03:04]} e6 {[%clk 0:02:50]} 5. Nf3 {[%clk 0:02:59]} a6 {[%clk 0:02:50]}
6. a4 {[%clk 0:03:00]} Nf6 {[%clk 0:02:49]} 7. O-O {[%clk 0:02:40]} d6
{[%clk 0:02:37]} 8. d3 {[%clk 0:02:33]} Be7 {[%clk 0:02:35]} 9. Nxd4
{[%clk 0:02:18]} cxd4 {[%clk 0:02:37]} 10. Ne2 {[%clk 0:02:19]} e5
{[%clk 0:02:37]} 11. f4 {[%clk 0:01:50]} O-O {[%clk 0:02:34]} 12. Kh1
{[%clk 0:01:45]} Be6 {[%clk 0:02:22]} 13. b3 {[%clk 0:01:29]} Bd7
{[%clk 0:02:11]} 14. a5 {[%clk 0:01:29]} Rc8 {[%clk 0:01:50]} 15. c3
{[%clk 0:01:12]} dxc3 {[%clk 0:01:37]} 16. Nxc3 {[%clk 0:01:13]} Be6
{[%clk 0:01:37]} 17. Be3 {[%clk 0:01:06]} d5 {[%clk 0:01:29]} 18. Bb6
{[%clk 0:00:49]} Qd7 {[%clk 0:01:30]} 19. exd5 {[%clk 0:00:36]} Nxd5
{[%clk 0:01:28]} 20. f5 {[%clk 0:00:20]} Nxc3 {[%clk 0:01:22]} 21. fxe6
{[%clk 0:00:21]} fxe6 {[%clk 0:01:18]} 22. Qg4 {[%clk 0:00:14]} Nd5
{[%clk 0:01:16]} 23. Rae1 {[%clk 0:00:12]} Bb4 {[%clk 0:01:07]} 24. Rc1 g6
{[%clk 0:00:31]} 25. d4 {[%clk 0:00:08]} Bd2 {[%clk 0:00:18]} 26. Rcd1
{[%clk 0:00:05]} Rxf1+ {[%clk 0:00:07]} 27. Rxf1 {[%clk 0:00:07]} Rxc4
{[%clk 0:00:06]} 28. bxc4 Ne3 29. Qf3 {[%clk 0:00:03]} Nxf1 {[%clk 0:00:08]} 30.
Qxf1 {[%clk 0:00:03]} exd4 {[%clk 0:00:09]} 31. Qd3 {[%clk 0:00:03]} Bc3
{[%clk 0:00:09]} 32. c5 {[%clk 0:00:03]} Qd5 {[%clk 0:00:08]} 33. Kg1 e5 34. Qe2
{[%clk 0:00:03]} e4 {[%clk 0:00:10]} 35. Qc2 {[%clk 0:00:03]} e3 {[%clk 0:00:06]}
36. Qd3 {[%clk 0:00:04]} Qa2 {[%clk 0:00:07]} 37. h4 {[%clk 0:00:04]} Qf2+
{[%clk 0:00:07]} 38. Kh1 {[%clk 0:00:05]} Qxh4+ {[%clk 0:00:08]} 39. Kg1
{[%clk 0:00:07]} Qe1+ {[%clk 0:00:09]} 40. Kh2 Qh4+ {[%clk 0:00:07]} 41. Kg1
{[%clk 0:00:09]} Qf6 {[%clk 0:00:08]} 42. Qe4 {[%clk 0:00:09]} Qf2+
{[%clk 0:00:08]} 43. Kh2 {[%clk 0:00:11]} e2 {[%clk 0:00:07]} 44. Qe8+
{[%clk 0:00:10]} Kg7 {[%clk 0:00:07]} 45. Bc7 {[%clk 0:00:09]} Qh4+
{[%clk 0:00:07]} 46. Kg1 {[%clk 0:00:09]} e1=Q+ {[%clk 0:00:07]} 0-1

[Event "Blondes - Brunettes"]
[Site "Moscow"]
[Date "2020.03.15"]
[Round "5.4"]
[White "Charochkina, Daria"]
[Black "Obolentseva, Alexandra"]
[Result "1-0"]
[BlackElo "2113"]
[WhiteElo "2332"]
[LiveChessVersion "1.4.8"]

1. b3 {[%clk 0:03:01]} Nf6 {[%clk 0:03:02]} 2. Bb2 {[%clk 0:03:02]} g6
{[%clk 0:03:03]} 3. Bxf6 {[%clk 0:03:03]} exf6 {[%clk 0:03:04]} 4. c4
{[%clk 0:03:04]} d5 {[%clk 0:03:02]} 5. cxd5 {[%clk 0:02:47]} Qxd5
{[%clk 0:03:02]} 6. Nc3 {[%clk 0:02:46]} Qd8 {[%clk 0:03:02]} 7. g3
{[%clk 0:02:34]} Bg7 {[%clk 0:03:01]} 8. Bg2 {[%clk 0:02:35]} O-O
{[%clk 0:03:00]} 9. e3 {[%clk 0:02:21]} f5 {[%clk 0:02:58]} 10. Nge2
{[%clk 0:02:22]} c6 {[%clk 0:02:40]} 11. O-O {[%clk 0:02:21]} Na6
{[%clk 0:02:39]} 12. d4 {[%clk 0:02:22]} Be6 {[%clk 0:02:30]} 13. Rc1
{[%clk 0:02:19]} Nc7 {[%clk 0:02:13]} 14. Nf4 {[%clk 0:02:17]} Qe7
{[%clk 0:02:07]} 15. h4 {[%clk 0:02:13]} Rad8 {[%clk 0:02:06]} 16. Qc2
{[%clk 0:02:04]} Bh6 {[%clk 0:02:01]} 17. Nd3 {[%clk 0:02:04]} Nd5
{[%clk 0:01:55]} 18. Na4 {[%clk 0:02:00]} Qd6 {[%clk 0:01:26]} 19. Rfe1
{[%clk 0:01:51]} f6 {[%clk 0:00:53]} 20. Nac5 {[%clk 0:01:30]} Bc8
{[%clk 0:00:54]} 21. b4 {[%clk 0:01:32]} b6 {[%clk 0:00:53]} 22. Nb3
{[%clk 0:01:24]} Bd7 {[%clk 0:00:54]} 23. a3 {[%clk 0:01:21]} Kh8
{[%clk 0:00:53]} 24. Nd2 {[%clk 0:01:15]} Rde8 {[%clk 0:00:53]} 25. Nc4
{[%clk 0:01:11]} Qe6 {[%clk 0:00:51]} 26. Qd2 {[%clk 0:00:59]} Bc8
{[%clk 0:00:45]} 27. Nf4 {[%clk 0:00:24]} Bxf4 {[%clk 0:00:44]} 28. exf4
{[%clk 0:00:12]} Qd7 {[%clk 0:00:44]} 29. Ne3 {[%clk 0:00:13]} Ba6
{[%clk 0:00:37]} 30. Qc2 {[%clk 0:00:11]} Re6 {[%clk 0:00:29]} 31. Nxd5
{[%clk 0:00:10]} cxd5 {[%clk 0:00:26]} 32. Rxe6 {[%clk 0:00:10]} Qxe6
{[%clk 0:00:26]} 33. Qc6 {[%clk 0:00:09]} Qxc6 {[%clk 0:00:23]} 34. Rxc6
{[%clk 0:00:10]} Bc4 {[%clk 0:00:20]} 35. Rd6 {[%clk 0:00:10]} Re8
{[%clk 0:00:19]} 36. Bxd5 {[%clk 0:00:11]} Bxd5 {[%clk 0:00:16]} 37. Rxd5
{[%clk 0:00:12]} Re7 {[%clk 0:00:14]} 38. Kf1 {[%clk 0:00:11]} Kg7
{[%clk 0:00:15]} 39. Rd8 {[%clk 0:00:10]} Rc7 {[%clk 0:00:15]} 40. d5
{[%clk 0:00:10]} Kf7 {[%clk 0:00:14]} 41. d6 {[%clk 0:00:09]} Rc1+
{[%clk 0:00:15]} 42. Ke2 {[%clk 0:00:10]} Rc6 {[%clk 0:00:12]} 43. Ra8
{[%clk 0:00:10]} Rxd6 {[%clk 0:00:12]} 44. Rxa7+ {[%clk 0:00:11]} Kg8
{[%clk 0:00:13]} 45. Ke3 {[%clk 0:00:09]} Rd1 {[%clk 0:00:12]} 46. Rb7
{[%clk 0:00:09]} Ra1 {[%clk 0:00:11]} 47. Rxb6 {[%clk 0:00:09]} Rxa3+
{[%clk 0:00:12]} 48. Ke2 {[%clk 0:00:07]} Kf7 {[%clk 0:00:13]} 49. Rb7+
{[%clk 0:00:08]} Ke6 {[%clk 0:00:14]} 50. Rxh7 {[%clk 0:00:08]} Rb3
{[%clk 0:00:14]} 51. Rb7 {[%clk 0:00:09]} Kd5 {[%clk 0:00:14]} 52. Rb6
{[%clk 0:00:08]} Rb2+ {[%clk 0:00:10]} 53. Kf3 {[%clk 0:00:09]} Rb3+
{[%clk 0:00:10]} 54. Kg2 {[%clk 0:00:10]} Rb2 {[%clk 0:00:07]} 55. Rxf6
{[%clk 0:00:09]} Rxb4 {[%clk 0:00:08]} 56. Rxg6 {[%clk 0:00:11]} Rb8
{[%clk 0:00:04]} 57. Rf6 {[%clk 0:00:11]} 1-0

[Event "Blondes - Brunettes"]
[Site "Moscow"]
[Date "2020.03.15"]
[Round "5.5"]
[White "Voit, Daria"]
[Black "Fominykh, Maria"]
[Result "1-0"]
[BlackElo "2108"]
[WhiteElo "2326"]
[LiveChessVersion "1.4.8"]

1. d4 {[%clk 0:03:03]} d6 {[%clk 0:03:03]} 2. Nf3 {[%clk 0:03:03]} g6
{[%clk 0:03:04]} 3. c4 {[%clk 0:03:01]} Bg7 {[%clk 0:03:04]} 4. Nc3
{[%clk 0:02:58]} e5 {[%clk 0:03:05]} 5. g3 {[%clk 0:02:29]} Nc6 {[%clk 0:02:58]}
6. d5 {[%clk 0:02:27]} Nce7 {[%clk 0:02:56]} 7. e4 {[%clk 0:02:24]} h6
{[%clk 0:02:43]} 8. Bg2 {[%clk 0:02:25]} f5 {[%clk 0:02:40]} 9. O-O
{[%clk 0:02:24]} Nf6 {[%clk 0:02:39]} 10. Ne1 {[%clk 0:02:20]} O-O
{[%clk 0:02:08]} 11. Nd3 {[%clk 0:02:20]} fxe4 {[%clk 0:01:49]} 12. Nxe4
{[%clk 0:02:21]} Nf5 {[%clk 0:01:44]} 13. f4 {[%clk 0:02:17]} Nd7
{[%clk 0:01:18]} 14. fxe5 {[%clk 0:01:22]} Nxe5 {[%clk 0:01:18]} 15. Nf4
{[%clk 0:01:20]} Qe7 {[%clk 0:01:09]} 16. Qa4 {[%clk 0:00:46]} Kh7
{[%clk 0:01:08]} 17. Bd2 {[%clk 0:00:44]} g5 {[%clk 0:00:21]} 18. Nh5
{[%clk 0:00:36]} Nd4 {[%clk 0:00:15]} 19. Nxg7 {[%clk 0:00:32]} Qxg7
{[%clk 0:00:13]} 20. Rxf8 Qxf8 {[%clk 0:00:14]} 21. Rf1 {[%clk 0:00:29]} Nef3+
{[%clk 0:00:04]} 22. Kh1 {[%clk 0:00:22]} g4 {[%clk 0:00:05]} 23. Bc3
{[%clk 0:00:17]} Bf5 {[%clk 0:00:06]} 24. Nd2 Nxd2 25. Bxd2 1-0

[Event "Blondes - Brunettes"]
[Site "Moscow"]
[Date "2020.03.15"]
[Round "5.6"]
[White "Shuvalova, Polina"]
[Black "Larina, Maria"]
[Result "1-0"]
[BlackElo "1776"]
[WhiteElo "2319"]
[LiveChessVersion "1.4.8"]

1. e4 {[%clk 0:03:03]} d5 {[%clk 0:03:03]} 2. exd5 {[%clk 0:03:04]} Qxd5
{[%clk 0:03:04]} 3. Nc3 {[%clk 0:03:04]} Qa5 {[%clk 0:03:06]} 4. g3
{[%clk 0:02:58]} Nf6 {[%clk 0:03:05]} 5. Bg2 {[%clk 0:02:59]} c6 {[%clk 0:03:07]}
6. Nge2 {[%clk 0:02:57]} e5 {[%clk 0:03:03]} 7. d3 {[%clk 0:02:58]} Be7
{[%clk 0:03:03]} 8. O-O {[%clk 0:02:58]} O-O {[%clk 0:03:03]} 9. Bd2
{[%clk 0:02:57]} Qc7 {[%clk 0:03:04]} 10. h3 {[%clk 0:02:48]} Re8
{[%clk 0:02:54]} 11. Kh2 {[%clk 0:02:48]} Nbd7 {[%clk 0:02:54]} 12. Be3
{[%clk 0:02:39]} Bc5 {[%clk 0:02:51]} 13. Qd2 {[%clk 0:02:39]} Bxe3
{[%clk 0:02:22]} 14. Qxe3 {[%clk 0:02:39]} Nf8 {[%clk 0:02:17]} 15. Ne4
{[%clk 0:02:38]} Nd5 {[%clk 0:02:12]} 16. Qd2 {[%clk 0:02:39]} Ng6
{[%clk 0:02:09]} 17. a3 {[%clk 0:02:29]} a5 {[%clk 0:02:09]} 18. Rae1
{[%clk 0:02:29]} Bf5 {[%clk 0:02:04]} 19. N2c3 {[%clk 0:02:16]} Nxc3
{[%clk 0:02:05]} 20. Qxc3 {[%clk 0:02:15]} Rad8 {[%clk 0:01:44]} 21. Nd2
{[%clk 0:02:00]} Be6 {[%clk 0:01:41]} 22. Nc4 {[%clk 0:01:54]} Bxc4
{[%clk 0:01:38]} 23. Qxc4 {[%clk 0:01:51]} Qb6 {[%clk 0:01:27]} 24. Qc3
{[%clk 0:01:44]} Re6 {[%clk 0:01:05]} 25. Re3 {[%clk 0:01:42]} Rde8
{[%clk 0:00:51]} 26. b4 {[%clk 0:01:40]} axb4 {[%clk 0:00:52]} 27. axb4
{[%clk 0:01:39]} Ne7 {[%clk 0:00:49]} 28. Qc5 {[%clk 0:01:38]} Nd5
{[%clk 0:00:44]} 29. Qxb6 {[%clk 0:01:20]} Nxb6 {[%clk 0:00:46]} 30. Ra1
{[%clk 0:01:21]} Ra8 {[%clk 0:00:42]} 31. Rxa8+ {[%clk 0:01:18]} Nxa8
{[%clk 0:00:43]} 32. Re1 {[%clk 0:01:12]} Nb6 {[%clk 0:00:33]} 33. Ra1
{[%clk 0:01:11]} Kf8 {[%clk 0:00:31]} 34. Ra7 {[%clk 0:01:11]} Re7
{[%clk 0:00:30]} 35. Be4 {[%clk 0:01:03]} g6 {[%clk 0:00:28]} 36. g4
{[%clk 0:01:00]} Rc7 {[%clk 0:00:25]} 37. Kg3 {[%clk 0:00:57]} Ke7
{[%clk 0:00:27]} 38. g5 {[%clk 0:00:53]} f5 {[%clk 0:00:24]} 39. gxf6+
{[%clk 0:00:53]} Kxf6 {[%clk 0:00:25]} 40. h4 {[%clk 0:00:40]} g5
{[%clk 0:00:23]} 41. h5 {[%clk 0:00:19]} Kg7 {[%clk 0:00:23]} 42. Kg4
{[%clk 0:00:18]} Kh6 {[%clk 0:00:23]} 43. Ra5 {[%clk 0:00:18]} Nd7
{[%clk 0:00:23]} 44. Kf5 {[%clk 0:00:08]} Kxh5 {[%clk 0:00:22]} 45. Ke6
{[%clk 0:00:09]} Nf8+ {[%clk 0:00:21]} 46. Kxe5 {[%clk 0:00:10]} Ng6+
{[%clk 0:00:22]} 47. Kf6 {[%clk 0:00:10]} Nf4 {[%clk 0:00:20]} 48. Rxg5+
{[%clk 0:00:10]} Kh4 {[%clk 0:00:19]} 49. Rg1 {[%clk 0:00:07]} h5
{[%clk 0:00:14]} 50. Bf5 {[%clk 0:00:07]} Nd5+ {[%clk 0:00:12]} 51. Ke5
{[%clk 0:00:06]} Re7+ {[%clk 0:00:13]} 52. Kd6 {[%clk 0:00:04]} Re2
{[%clk 0:00:12]} 53. Rg2 {[%clk 0:00:04]} Nf4 {[%clk 0:00:12]} 54. Rh2+
{[%clk 0:00:04]} Kg5 {[%clk 0:00:13]} 55. Be4 {[%clk 0:00:05]} Rxc2
{[%clk 0:00:13]} 56. Kc7 {[%clk 0:00:06]} Rb2 {[%clk 0:00:13]} 57. Kxb7 Rxb4+
{[%clk 0:00:14]} 58. Kxc6 {[%clk 0:00:06]} Rb2 {[%clk 0:00:14]} 59. Kc5
{[%clk 0:00:05]} Rd2 {[%clk 0:00:13]} 60. Kd4 {[%clk 0:00:06]} Ne6+
{[%clk 0:00:13]} 61. Ke3 {[%clk 0:00:07]} Rb2 {[%clk 0:00:12]} 62. Bf3
{[%clk 0:00:08]} Ng7 {[%clk 0:00:13]} 63. Rg2+ {[%clk 0:00:09]} Kf6
{[%clk 0:00:14]} 64. Be4 {[%clk 0:00:10]} Nf5+ {[%clk 0:00:11]} 65. Kf4
{[%clk 0:00:11]} Ng7 {[%clk 0:00:10]} 66. Rg6+ {[%clk 0:00:10]} Kf7
{[%clk 0:00:12]} 67. Rh6 {[%clk 0:00:10]} Rxf2+ {[%clk 0:00:12]} 68. Kg3
{[%clk 0:00:11]} Rd2 {[%clk 0:00:11]} 69. Kf3 {[%clk 0:00:10]} Rd1
{[%clk 0:00:11]} 70. Ke2 {[%clk 0:00:11]} Ra1 {[%clk 0:00:12]} 71. Ke3
{[%clk 0:00:08]} Re1+ {[%clk 0:00:12]} 72. Kf2 {[%clk 0:00:08]} Ra1
{[%clk 0:00:12]} 73. Rb6 {[%clk 0:00:09]} Ra2+ {[%clk 0:00:12]} 74. Kg3
{[%clk 0:00:11]} Ra5 {[%clk 0:00:12]} 75. Kf4 {[%clk 0:00:09]} Rc5
{[%clk 0:00:12]} 76. Rb7+ {[%clk 0:00:10]} Kf8 {[%clk 0:00:12]} 77. Rb6
{[%clk 0:00:10]} Ke7 {[%clk 0:00:11]} 78. d4 {[%clk 0:00:10]} Rc1
{[%clk 0:00:09]} 79. d5 {[%clk 0:00:11]} Rd1 {[%clk 0:00:09]} 80. Ke5
{[%clk 0:00:12]} Ne8 {[%clk 0:00:08]} 81. Rb7+ {[%clk 0:00:12]} Kd8
{[%clk 0:00:09]} 82. Rh7 {[%clk 0:00:09]} Rd2 {[%clk 0:00:03]} 83. Rxh5
{[%clk 0:00:08]} Ke7 {[%clk 0:00:04]} 84. Rh7+ {[%clk 0:00:09]} Kd8
{[%clk 0:00:06]} 85. Ra7 {[%clk 0:00:10]} Rh2 {[%clk 0:00:04]} 86. Ra8+
{[%clk 0:00:11]} Ke7 {[%clk 0:00:04]} 87. Ra7+ {[%clk 0:00:10]} Kd8
{[%clk 0:00:05]} 88. Bg6 {[%clk 0:00:07]} Re2+ {[%clk 0:00:05]} 89. Be4
{[%clk 0:00:07]} Rh2 {[%clk 0:00:06]} 90. Ra8+ {[%clk 0:00:06]} Ke7
{[%clk 0:00:07]} 91. Ra3 {[%clk 0:00:06]} Rh5+ {[%clk 0:00:07]} 92. Kd4
{[%clk 0:00:07]} Kd6 {[%clk 0:00:08]} 93. Ra6+ {[%clk 0:00:06]} Ke7
{[%clk 0:00:08]} 94. Re6+ {[%clk 0:00:06]} Kd7 {[%clk 0:00:09]} 95. Ra6
{[%clk 0:00:04]} Ke7 {[%clk 0:00:08]} 96. Ra7+ {[%clk 0:00:05]} Kd6
{[%clk 0:00:08]} 97. Ra6+ {[%clk 0:00:05]} Ke7 {[%clk 0:00:09]} 98. Rb6
{[%clk 0:00:06]} Rh4 {[%clk 0:00:08]} 99. Rb7+ {[%clk 0:00:07]} Kd6
{[%clk 0:00:08]} 100. Rb6+ {[%clk 0:00:08]} Kc7 {[%clk 0:00:08]} 101. Rc6+
{[%clk 0:00:06]} Kd7 {[%clk 0:00:08]} 102. Ra6 {[%clk 0:00:07]} Nd6
{[%clk 0:00:09]} 103. Ra7+ {[%clk 0:00:05]} Kd8 {[%clk 0:00:10]} 104. Ra8+
{[%clk 0:00:06]} Ke7 {[%clk 0:00:11]} 105. Ra7+ {[%clk 0:00:06]} Kf6
{[%clk 0:00:10]} 106. Ra6 {[%clk 0:00:06]} Rxe4+ {[%clk 0:00:10]} 107. Kd3
{[%clk 0:00:04]} Ke7 {[%clk 0:00:09]} 108. Rxd6 {[%clk 0:00:05]} Kxd6
{[%clk 0:00:03]} 109. Kxe4 {[%clk 0:00:05]} Kd7 {[%clk 0:00:04]} 110. Ke5
{[%clk 0:00:06]} Ke7 {[%clk 0:00:05]} 111. Ke4 {[%clk 0:00:08]} Kd7
{[%clk 0:00:06]} 112. Kd4 {[%clk 0:00:09]} Kd6 {[%clk 0:00:06]} 113. Kc4
{[%clk 0:00:10]} Kd7 {[%clk 0:00:07]} 114. Kc5 {[%clk 0:00:12]} Kc7
{[%clk 0:00:09]} 115. d6+ {[%clk 0:00:13]} Kd7 {[%clk 0:00:09]} 116. Kd5
{[%clk 0:00:14]} Kd8 {[%clk 0:00:10]} 117. Ke5 {[%clk 0:00:15]} Kd7
{[%clk 0:00:11]} 118. Kd5 Kd8 119. Ke6 {[%clk 0:00:18]} Ke8 {[%clk 0:00:14]} 120.
d7+ {[%clk 0:00:19]} Kd8 {[%clk 0:00:16]} 121. Kd6 {[%clk 0:00:20]} 1-0

[Event "Blondes - Brunettes"]
[Site "Moscow"]
[Date "2020.03.15"]
[Round "5.7"]
[White "Dordzhieva, Dinara"]
[Black "Zhukova, Natalia"]
[Result "1-0"]
[BlackElo "2423"]
[WhiteElo "2273"]
[LiveChessVersion "1.4.8"]

1. Nf3 {[%clk 0:03:03]} d5 {[%clk 0:03:03]} 2. g3 {[%clk 0:03:04]} Nd7
{[%clk 0:03:04]} 3. d4 {[%clk 0:03:04]} Nb6 {[%clk 0:03:04]} 4. Bg2
{[%clk 0:03:05]} Bf5 {[%clk 0:03:05]} 5. Nbd2 {[%clk 0:02:56]} Nf6
{[%clk 0:03:03]} 6. c4 {[%clk 0:02:49]} dxc4 {[%clk 0:02:56]} 7. Nxc4
{[%clk 0:02:48]} Nxc4 {[%clk 0:02:49]} 8. Qa4+ {[%clk 0:02:50]} c6
{[%clk 0:02:50]} 9. Qxc4 {[%clk 0:02:51]} e6 {[%clk 0:02:47]} 10. O-O
{[%clk 0:02:46]} Be7 {[%clk 0:02:48]} 11. Ne5 {[%clk 0:02:11]} O-O
{[%clk 0:02:45]} 12. Rd1 {[%clk 0:01:58]} h6 {[%clk 0:02:44]} 13. Bf4
{[%clk 0:01:58]} Qb6 {[%clk 0:02:38]} 14. b3 {[%clk 0:01:43]} Rfd8
{[%clk 0:02:14]} 15. Be3 {[%clk 0:01:36]} Nd5 {[%clk 0:02:06]} 16. Bd2
{[%clk 0:01:36]} Nb4 {[%clk 0:01:53]} 17. Bc3 {[%clk 0:01:25]} Nc2
{[%clk 0:01:52]} 18. Rac1 {[%clk 0:01:26]} Ba3 {[%clk 0:00:49]} 19. e4
{[%clk 0:01:27]} Bxc1 {[%clk 0:00:47]} 20. exf5 {[%clk 0:00:56]} Na3
{[%clk 0:00:46]} 21. Qa4 {[%clk 0:00:51]} Nb5 {[%clk 0:00:46]} 22. Ba5
{[%clk 0:00:32]} Qa6 {[%clk 0:00:39]} 23. Bxd8 {[%clk 0:00:33]} Nc3
{[%clk 0:00:36]} 24. Qxa6 {[%clk 0:00:33]} bxa6 {[%clk 0:00:37]} 25. Rxc1
{[%clk 0:00:23]} Ne2+ 26. Kf1 Nxc1 {[%clk 0:00:39]} 27. Nxc6 {[%clk 0:00:25]} Kf8
{[%clk 0:00:27]} 28. fxe6 {[%clk 0:00:15]} fxe6 {[%clk 0:00:28]} 29. Ba5
{[%clk 0:00:15]} Nxa2 {[%clk 0:00:26]} 30. Nd8 {[%clk 0:00:09]} Rc8
{[%clk 0:00:25]} 31. Nxe6+ {[%clk 0:00:10]} Ke7 {[%clk 0:00:26]} 32. Nc5
{[%clk 0:00:11]} Nc1 {[%clk 0:00:25]} 33. Bb7 {[%clk 0:00:10]} Rb8
{[%clk 0:00:24]} 34. Bc7 {[%clk 0:00:08]} Rf8 {[%clk 0:00:21]} 35. Bxa6
{[%clk 0:00:08]} Na2 {[%clk 0:00:19]} 36. Bc4 {[%clk 0:00:08]} Nb4
{[%clk 0:00:19]} 37. Ne4 {[%clk 0:00:10]} Kd7 {[%clk 0:00:12]} 38. Bd6
{[%clk 0:00:11]} Re8 {[%clk 0:00:09]} 39. Bb5+ {[%clk 0:00:10]} Nc6
{[%clk 0:00:10]} 40. f3 {[%clk 0:00:08]} a6 {[%clk 0:00:10]} 41. Ba4
{[%clk 0:00:10]} Rxe4 {[%clk 0:00:08]} 42. Bxc6+ {[%clk 0:00:06]} Kxc6
{[%clk 0:00:09]} 43. fxe4 {[%clk 0:00:06]} Kxd6 {[%clk 0:00:10]} 44. Ke2
{[%clk 0:00:08]} Kd5 1-0

[Event "Blondes - Brunettes"]
[Site "Moscow"]
[Date "2020.03.15"]
[Round "5.8"]
[White "Guseva, Marina"]
[Black "Maltsevskaya, Aleksandra"]
[Result "0-1"]
[BlackElo "2306"]
[WhiteElo "2259"]
[LiveChessVersion "1.4.8"]

1. d4 {[%clk 0:03:03]} Nf6 {[%clk 0:03:02]} 2. c4 {[%clk 0:03:04]} c5
{[%clk 0:03:00]} 3. d5 {[%clk 0:03:05]} b5 {[%clk 0:03:01]} 4. cxb5
{[%clk 0:03:06]} e6 {[%clk 0:03:01]} 5. Nc3 {[%clk 0:03:06]} Bb7 {[%clk 0:02:39]}
6. dxe6 {[%clk 0:02:41]} fxe6 {[%clk 0:02:38]} 7. Nf3 {[%clk 0:02:41]} Be7
{[%clk 0:02:37]} 8. Bf4 {[%clk 0:02:39]} a6 {[%clk 0:02:32]} 9. bxa6
{[%clk 0:02:33]} Nxa6 {[%clk 0:02:33]} 10. e3 {[%clk 0:02:33]} O-O
{[%clk 0:02:28]} 11. Be2 {[%clk 0:02:34]} Nb4 {[%clk 0:02:17]} 12. O-O
{[%clk 0:02:31]} d5 {[%clk 0:02:12]} 13. a3 {[%clk 0:02:24]} Nc6 {[%clk 0:02:10]}
14. Ne5 {[%clk 0:02:15]} Nxe5 {[%clk 0:01:30]} 15. Bxe5 {[%clk 0:02:15]} Nd7
{[%clk 0:01:30]} 16. Bg3 {[%clk 0:02:12]} Qb6 {[%clk 0:01:30]} 17. Nb5
{[%clk 0:01:53]} c4 {[%clk 0:01:06]} 18. a4 {[%clk 0:01:51]} Nf6 {[%clk 0:00:58]}
19. Be5 {[%clk 0:01:44]} Ne4 {[%clk 0:00:42]} 20. Bd4 {[%clk 0:00:44]} Qd8
{[%clk 0:00:33]} 21. f3 {[%clk 0:00:35]} Nc5 {[%clk 0:00:32]} 22. Bxc5
{[%clk 0:00:00]} 0-1